Cultura Geral - Statistics

Estatísticas Gerais
  • Esse quiz foi jogado 19 vezes
  • A pontuação média é 6 de 15
Estatísticas das Respostas
Hint Resposta % Correto
Quem prometeu construir um muro na fronteira EUA-México e fazer o México pagar por isso? Donald Trump
94%
Que muro foi construído para proteger a China dos invasores? Muralha da China
82%
Em que país podemos encontrar a sede da empresa O Boticário? Brasil
76%
Em que país podemos encontrar a sede da empresa L'Oréal? França
76%
Em que cidade você encontraria o Muro das Lamentações? Jerusalém
59%
Em que país podemos encontrar a sede da empresa Nestlé? Suíça
59%
Que tipo de "parede" serve para proteger uma rede de computadores contra hackers? Firewall
35%
Que banda de rock lançou um álbum duplo intitulado simplesmente "The Wall" nesse mesmo ano? Pink Floyd
35%
Que cantor lançou o álbum "Off the Wall" em 1979? Michael Jackson
24%
De que país a Valónia faz parte? Bélgica
18%
De que país a Valáquia faz parte? Roménia
18%
Que animal é como um wallaby, mas maior? Canguru
12%
Que condado se encontra na extremidade sudoeste da Inglaterra? Cornualha
12%
O que é um olho-de-boi? Peixe
6%
Em que cidade você encontraria as Muralhas Aurelianas? Roma
6%
Nenhum quiz correspondente encontrado
Distribuição das Pontuações
Porcentagem de Pessoas com Cada Pontuação
Percentil de Números Respondidos
Sua Pontuação Histórica
Você não jogou esse quiz